000 00741nac a22002051u 4500
010 _a 2003042215
020 _a0735619352
020 _a8120324234
082 0 0 _a005.276
_bD975
090 _c375
_d375
100 _aDuthie, G. Andrew,
245 1 0 _a .NET version 2003 step by step /
_aMicrosoft ASP.NET programming with Microsoft Visual C
_cG. Andrew Duthie.
260 _aRedmond, Wash. :
_bMicrosoft Press,
_c2003.
300 _ap. cm.
500 _aIncludes index.
650 0 _aWeb sites
_xDesign.
650 0 _aWeb servers
_xComputer programs.
942 _cBB
_k005.276D975
999 _c375
_d375